Bella goes to the sea / (Record no. 113364)
[ view plain ]
| 000 -LEADER | |
|---|---|
| fixed length control field | 00614nam a2200193 a 4500 |
| 001 - CONTROL NUMBER | |
| control field | 0347 |
| 005 - DATE AND TIME OF LATEST TRANSACTION | |
| control field | 20140414132016.0 |
| 008 - FIXED-LENGTH DATA ELEMENTS--GENERAL INFORMATION | |
| fixed length control field | 040910s19uu xx 00 eng d |
| 020 ## - INTERNATIONAL STANDARD BOOK NUMBER | |
| International Standard Book Number | 0-09-968191-9 |
| 050 ## - LIBRARY OF CONGRESS CALL NUMBER | |
| Classification number | TR |
| Item number | B41 2000 |
| 100 ## - MAIN ENTRY--PERSONAL NAME | |
| Personal name | Blathwayt, Benedict |
| 245 ## - TITLE STATEMENT | |
| Title | Bella goes to the sea / |
| Statement of responsibility, etc | Benedict Blathwayt. |
| 260 ## - PUBLICATION, DISTRIBUTION, ETC. (IMPRINT) | |
| Place of publication, distribution, etc | London : |
| Name of publisher, distributor, etc | Red Fox, |
| Date of publication, distribution, etc | 2000. |
| 300 ## - PHYSICAL DESCRIPTION | |
| Extent | 1 v.p. : ill. ; cm. |
| 520 ## - SUMMARY, ETC. | |
| Summary, etc | William the fisherman is very cross when Bella follows his boat out of the sea - but how lcuky for him that she does! |
| 650 ## - SUBJECT ADDED ENTRY--TOPICAL TERM | |
| Topical term or geographic name as entry element | Goose |
| General subdivision | Fiction. |
| 650 ## - SUBJECT ADDED ENTRY--TOPICAL TERM | |
| Topical term or geographic name as entry element | Fisherman |
| General subdivision | Fiction. |
| Withdrawn status | Lost status | Damaged status | Use restrictions | Home library | Current library | Shelving location | Date acquired | Source of acquisition | Total Checkouts | Full call number | Barcode | Date last seen | Price effective from | Koha item type |
|---|---|---|---|---|---|---|---|---|---|---|---|---|---|---|
| Munich Library | Munich Library | Teachers Reference Section | 09/10/2004 | TR B41 2000 | M4920 | 04/14/2014 | 04/14/2014 | Books |